Microwave active circuit analysis and design / (Record no. 23384)
[ view plain ]
| 000 -LEADER | |
|---|---|
| fixed length control field | 01986cam a22003735a 4500 |
| 001 - CONTROL NUMBER | |
| control field | 017472692 |
| 003 - CONTROL NUMBER IDENTIFIER | |
| control field | Uk |
| 005 - DATE AND TIME OF LATEST TRANSACTION | |
| control field | 20161208104951.0 |
| 006 - FIXED-LENGTH DATA ELEMENTS--ADDITIONAL MATERIAL CHARACTERISTICS--GENERAL INFORMATION | |
| fixed length control field | m || d | |
| 007 - PHYSICAL DESCRIPTION FIXED FIELD--GENERAL INFORMATION | |
| fixed length control field | cr ||||||||||| |
| 008 - FIXED-LENGTH DATA ELEMENTS--GENERAL INFORMATION | |
| fixed length control field | 141215s2016 enka frb 001|0|eng|d |
| 015 ## - NATIONAL BIBLIOGRAPHY NUMBER | |
| National bibliography number | GBB5A6290 |
| Source | bnb |
| 020 ## - INTERNATIONAL STANDARD BOOK NUMBER | |
| International Standard Book Number | 0124078230 |
| 020 ## - INTERNATIONAL STANDARD BOOK NUMBER | |
| International Standard Book Number | 9780124078239 |
| 040 ## - CATALOGING SOURCE | |
| Original cataloging agency | StDuBDS |
| Language of cataloging | eng |
| Transcribing agency | StDuBDS |
| Modifying agency | Uk |
| Description conventions | EG-ScBUE |
| 082 04 - DEWEY DECIMAL CLASSIFICATION NUMBER | |
| Edition number | 22 |
| Classification number | 621.384131 |
| Item number | POO |
| 100 1# - MAIN ENTRY--PERSONAL NAME | |
| Personal name | Poole, Clive |
| 9 (RLIN) | 41712 |
| 245 10 - TITLE STATEMENT | |
| Title | Microwave active circuit analysis and design / |
| Statement of responsibility, etc | Clive Poole, Izzat Darwazeh. |
| 260 ## - PUBLICATION, DISTRIBUTION, ETC. (IMPRINT) | |
| Place of publication, distribution, etc | London : |
| Name of publisher, distributor, etc | Academic Press / Elsevier, |
| Date of publication, distribution, etc | 2016. |
| 300 ## - PHYSICAL DESCRIPTION | |
| Extent | xxiii, 642p. : |
| Other physical details | ill. ; |
| Dimensions | 26 cm. |
| 500 ## - GENERAL NOTE | |
| General note | Index : p. 629-642. |
| 504 ## - BIBLIOGRAPHY, ETC. NOTE | |
| Bibliography, etc | Includes bibliographical references. |
| 505 0# - FORMATTED CONTENTS NOTE | |
| Formatted contents note | Chapter 1. Introduction -- Chapter 2. Transmission Line Theory -- Chapter 3. Practical Transmission Lines -- Chapter 4. The Smith Chart -- Chapter 5. Immittance Parameters -- Chapter 6. S-parameters -- Chapter 7. Gain and Stability of Active Networks -- Chapter 8. Three-Port Analysis Techniques -- Chapter 9. Lumped Element Matching Networks -- Chapter 10. Distributed Element Matching Networks -- Chapter 11. Microwave Semiconductor Materials and Diodes -- Chapter 12. Microwave Transistors and MMICs -- Chapter 13. Microwave Amplifier Design -- Chapter 14. Low-noise Amplifier Design -- Chapter 15. Microwave Oscillator Design -- Chapter 16. Low-noise Oscillator Design -- Chapter 17. Microwave Mixers. |
| 590 ## - LOCAL NOTE (RLIN) | |
| Local note | Wessam |
| 650 #0 - SUBJECT ADDED ENTRY--TOPICAL TERM | |
| Topical term or geographic name as entry element | Radio |
| General subdivision | Transmitters and transmission |
| -- | Design and construction. |
| Source of heading or term | BUEsh |
| 650 #0 - SUBJECT ADDED ENTRY--TOPICAL TERM | |
| Topical term or geographic name as entry element | Radio |
| General subdivision | Receivers and reception |
| -- | Design and construction. |
| Source of heading or term | BUEsh |
| 9 (RLIN) | 37089 |
| 650 #0 - SUBJECT ADDED ENTRY--TOPICAL TERM | |
| Topical term or geographic name as entry element | Radio circuits |
| General subdivision | Design and construction. |
| Source of heading or term | BUEsh |
| 9 (RLIN) | 31457 |
| 650 #0 - SUBJECT ADDED ENTRY--TOPICAL TERM | |
| Topical term or geographic name as entry element | Microwave circuits |
| General subdivision | Design and construction. |
| Source of heading or term | BUEsh |
| 9 (RLIN) | 33157 |
| 651 ## - SUBJECT ADDED ENTRY--GEOGRAPHIC NAME | |
| Source of heading or term | BUEsh |
| 700 1# - ADDED ENTRY--PERSONAL NAME | |
| Personal name | Darwazeh, Izzat. |
| 9 (RLIN) | 41714 |
| 942 ## - ADDED ENTRY ELEMENTS (KOHA) | |
| Source of classification or shelving scheme | Dewey Decimal Classification |
| Edition | 22 |
| Call number prefix | 621.384131 POO |
| Withdrawn status | Item status | Source of classification or shelving scheme | Damaged status | Not for loan | Vendor | Home library | Current library | Shelving location | Date acquired | Source of acquisition | Cost, normal purchase price | Serial Enumeration / chronology | Total Checkouts | Full call number | Barcode | Date last seen | Cost, replacement price | Koha item type |
|---|---|---|---|---|---|---|---|---|---|---|---|---|---|---|---|---|---|---|
| Dewey Decimal Classification | Alahram | Central Library | Central Library | First floor | 28/11/2016 | Purchase | 722.00 | 117 | 621.384131 POO | 000040232 | 15/07/2025 | 902.50 | Book - Borrowing |